000 01148nam a2200169Ia 4500
005 20250714155847.0
008 250714s9999 xx 000 0 und d
020 _a9780710308221
082 _a939.48
_bPET
100 _aPetrie, William Matthew Flinders
245 0 _aResearches in Sinai
260 _bRoutledge
_c2003
300 _a518 pages
500 _aWritten by one of the most respected Egyptologists ever known, this remarkable work is at the same time original research in a previously neglected area of study, an account of an archeological survey and its methods, and a fascinating and illuminating discourse on the policies of the region of the time. No work or writer has addressed the issues of Egyptian ambition and the events of which took place in Palestine so cogently. Palestine, a fought-over land even at that time, inhabited by various tribal groups as it was, its history and its archeological remains are discussed "on the spot," both in relation to the finds of the expeditions, known historical events, and accounts taken from the Bible, particularly the accounts of Exodus.
650 _aHistory
942 _cENGLISH
999 _c575675
_d575675